Normal view
MARC view
- Attique
Entry Personal Name
001 - CONTROL NUMBER
- control field: 9878
003 - CONTROL NUMBER IDENTIFIER
- control field: NUST
005 - DATE AND TIME OF LATEST TRANSACTION
- control field: 20180124165748.0
008 - FIXED-LENGTH DATA ELEMENTS
- fixed length control field: 180124|| aca||aabn | a|a d
040 ## - CATALOGING SOURCE
- Original cataloging agency: NUST
- Transcribing agency: NUST
100 ## - HEADING--PERSONAL NAME
- Personal name: Attique
670 ## - SOURCE DATA FOUND
- Source citation: Work cat.: (NUST)324940: Attique, Aap Angrezi bol saktay hain, 2014
